Vybrané problémy řízení Díl 6.-9

Enregistré dans:
Détails bibliographiques
Auteur principal: Malaník, Zdeněk
Format: Livre
Langue:tchèque
Publié: Praha Inst. pro výchovu ved. prac. MP ČSR 1987
Édition:1. vyd.
Tags: Ajouter un tag
Pas de tags, Soyez le premier à ajouter un tag!

MARC

LEADER 00000nam a2200000 4500
001 c024294
005 20221219103652.3
041 0 |a cze 
044 |a CZ 
245 1 0 |a Vybrané problémy řízení  |b Díl 6.-9  |c Zdeněk Malaník 
250 |a 1. vyd. 
264 1 |a Praha  |b Inst. pro výchovu ved. prac. MP ČSR  |c 1987 
300 |a 214 s. 
100 1 |a Malaník, Zdeněk